Normal view
MARC view
- Rudenberg Reinhold
Entry Personal Name
001 - CONTROL NUMBER
- control field: 102669
003 - CONTROL NUMBER IDENTIFIER
- control field: NUST
005 - DATE AND TIME OF LATEST TRANSACTION
- control field: 20221116121606.0
008 - FIXED-LENGTH DATA ELEMENTS
- fixed length control field: 221116|| aca||aabn | a|a d
040 ## - CATALOGING SOURCE
- Original cataloging agency: NUST
- Transcribing agency: NUST
100 ## - HEADING--PERSONAL NAME
- Personal name: Rudenberg Reinhold
670 ## - SOURCE DATA FOUND
- Source citation: Work cat.: (NUST)181080: Rudenberg Reinhold, Transient performance of electric power systems :, 1950
